[Event "Victoria-ch qual"]
[Site "Melbourne"]
[Date "2006.10.05"]
[Round "1"]
[White "Bakanursky, Joshua"]
[Black "Au, Dennis"]
[Result "1/2-1/2"]
[WhiteElo "1653"]
[BlackElo "1493"]
[PlyCount "191"]
[EventDate "2006.10.05"]
[EventType "tourn"]
[EventRounds "9"]
[EventCountry "AUS"]
[SourceTitle "EXT 2008"]
[Source "ChessBase"]
[SourceDate "2007.11.25"]
[SourceVersion "1"]
[SourceVersionDate "2007.11.25"]
[SourceQuality "1"]

1. e4 c5 2. f4 g6 3. Nf3 Bg7 4. c3 e6 5. d4 cxd4 6. cxd4 d5 7. e5 Ne7 8. Bb5+ Bd7 9. Qe2 0-0 10. Nc3 a6 11. Bd3 Nbc6 12. g4 f6 13. Be3 fxe5 14. fxe5 Nb4 15. Rf1 Nxd3+ 16. Qxd3 Qa5 17. Bd2 Bb5 18. Nxb5 Qxb5 19. Qxb5 axb5 20. Bb4 Rfe8 21. a3 Nc6 22. Bc5 b4 23. a4 b5 24. b3 bxa4 25. bxa4 b3 26. Nd2 b2 27. Ra2 Reb8 28. Ke2 Bh6 29. Rb1 Bxd2 30. Kxd2 Na5 31. Kc2 Nc4 32. h3 Rb7 33. a5 Rxa5 34. Rxa5 Nxa5 35. Rxb2 Rxb2+ 36. Kxb2 Nc4+ 37. Kc2 Kg7 38. Kd3 Na5 39. Be7 Nc6 40. Bh4 h5 41. Bf2 Kh6 42. Be3+ g5 43. h4 hxg4 44. hxg5+ Kg6 45. Ke2 Kf5 46. Kf2 Ne7 47. Kg3 Ng6 48. Bd2 Nf8 49. Kh4 Nh7 50. g6 Kxg6 51. Kxg4 Nf8 52. Bb4 Nd7 53. Ba5 Nb8 54. Bb4 Nc6 55. Bc3 Na7 56. Ba1 Nc8 57. Bc3 Nb6 58. Bb2 Nc4 59. Bc1 Na5 60. Bb2 Nb3 61. Bc3 Nc1 62. Bd2 Nd3 63. Be3 Nb2 64. Bd2 Nd1 65. Bc1 Nf2+ 66. Kf3 Nd3 67. Be3 Kf5 68. Bd2 Nb2 69. Bc3 Nc4 70. Bb4 Nb6 71. Bc3 Nd7 72. Bb4 Nb8 73. Bc3 Nc6 74. Bb2 Ne7 75. Bc3 Ng6 76. Bd2 Nh4+ 77. Ke3 Kg4 78. Kd3 Kf3 79. Bc1 Nf5 80. Bb2 Kf2 81. Bc1 Ng3 82. Bd2 Kf3 83. Bc1 Ne4 84. Bb2 Nf2+ 85. Kc2 Ke4 86. Kb3 Nd3 87. Bc3 Nc1+ 88. Kb4 Ne2 89. Bb2 Nxd4 90. Kc5 Nf3 91. Kd6 Ng5 92. Bc1 Nf7+ 93. Kxe6 Nxe5 94. Bb2 Nc6 95. Bc3 d4 96. Bxd4 1/2-1/2